000 00958nam2a2200229 4500
001 RU\NLR\b_ik\115917
005 20250616225429.0
035 _a(NLR Aleph) 002189551
090 _a2893198
_c2893198
100 _a20040819d2002 |||y0rusy50 ca
101 0 _aeng
102 _aRU
105 _aa |||||||||
200 0 _aGeneral information
210 _d2002
_aБ. м.
215 _a30 с.
_cсхем.
320 _aБиблиогр.: с. 17-26
461 0 _1001RU\NLR\b_ik\117088
_12001#$aMultimedia in education$eSpecialised training course$f[Prep. by the UNESCO Inst. for inform. technologies in education]$vGeneral information$90
_92908005
_cM.
_d2001-2002
_f[Prep. by the UNESCO Inst. for inform. technologies in education]
_nUNESCO Inst. for inform. technologies in education
_oSpecialised training course
_tMultimedia in education
_y5902116031
_vGeneral information$90
801 0 _aRU
_bNLR
_c20040819
_gPSBO
942 _cBOOK
980 _aNB